Macroeconomic policy (Record no. 82290)
[ view plain ]
| 000 -LEADER | |
|---|---|
| fixed length control field | 00744nam a2200169 a 4500 |
| 008 - FIXED-LENGTH DATA ELEMENTS--GENERAL INFORMATION | |
| fixed length control field | 120416s0000 xx |||||||||||||| || u |
| 020 ## - INTERNATIONAL STANDARD BOOK NUMBER | |
| International Standard Book Number | 0333259882 |
| 050 ## - LIBRARY OF CONGRESS CALL NUMBER | |
| Classification number | HB 172.5 Cut |
| 100 ## - MAIN ENTRY--PERSONAL NAME | |
| Personal name | Cuthbertson, Keith |
| 245 10 - TITLE STATEMENT | |
| Title | Macroeconomic policy |
| 246 ## - | |
| -- | the new Cambridge Keynesian and monetarist controversies |
| 260 ## - PUBLICATION, DISTRIBUTION, ETC. | |
| Place of publication, distribution, etc. | |
| Name of publisher, distributor, etc. | Basingstoke |
| Date of publication, distribution, etc. | 1983 |
| 300 ## - PHYSICAL DESCRIPTION | |
| Extent | xii, 209p. : ill. |
| 350 ## - | |
| -- | 0.00 |
| 995 ## - | |
| -- | ANNEX COLLECTION (Main Library) |
| -- | 0.00 |
| -- | 705629 |
| -- | CBU-MAIN LIBRARY (Kitwe) |
| -- | 1 |
| -- | 6.95 |
| -- | HB 172.5 Cut |
| -- | 1 |
| -- | AVAILABLE |
| -- | Oct 18, 2006 |
| -- | 002126 |
| -- | Annex Low-Usage Collection |
| 995 ## - | |
| -- | BINDERY (DAMAGED) |
| -- | 0.00 |
| -- | 708289 |
| -- | CBU-MAIN LIBRARY (Kitwe) |
| -- | 2 |
| -- | 6.95 |
| -- | HB 172.5 Cut |
| -- | 2 |
| -- | DAMAGED |
| -- | Oct 18, 2006 |
| -- | 002125 |
| -- | Main Library Open Access Collection |
| 999 ## - | |
| -- | 82290 |
| -- | 82290 |
| Withdrawn status | Lost status | Source of classification or shelving scheme | Damaged status | Not for loan | Permanent Location | Current Location | Shelving location | Date acquired | Total Checkouts | Full call number | Barcode | Date last seen | Copy number | Price effective from | Koha item type |
|---|---|---|---|---|---|---|---|---|---|---|---|---|---|---|---|
| CBU-MAIN LIBRARY, KITWE. | CBU-MAIN LIBRARY, KITWE. | 09/27/2023 | HB 172.5 Cut | 002126 | 09/27/2023 | 1 | 09/27/2023 | MONOGRAPH | |||||||
| CBU-MAIN LIBRARY, KITWE. | CBU-MAIN LIBRARY, KITWE. | 09/27/2023 | HB 172.5 Cut | 002125 | 09/27/2023 | 2 | 09/27/2023 | MONOGRAPH |